000 00290nam a22001337a 4500
008 181101b xxu||||| |||| 00| 0 eng d
020 _a2900321706224
041 _aeng
080 _28th
_a610
100 _a42
101 _aGJEO
245 _aGeosystems
_cChristopherson
942 _2udc
_cBK
999 _c51528
_d51528